|
|
|
|
| LEADER |
00000nab a2200000 a 4500 |
| 001 |
vtls000821976 |
| 003 |
SK-MaSNL |
| 005 |
20260302180035.0 |
| 008 |
160322c2003 xo 0 slo |
| 015 |
|
|
|a SNBRB2003/01-02085
|
| 035 |
|
|
|a CLN000173631
|
| 040 |
|
|
|a SNKBUCL
|b slo
|c SNKBUCL
|e AACR2
|
| 041 |
0 |
|
|a slo
|
| 044 |
|
|
|a xo
|c SK
|
| 080 |
|
|
|a 792.071.2:792.8
|2 UDC-MRF-SK2
|
| 080 |
|
|
|a 792.8
|2 UDC-MRF-SK2
|
| 080 |
|
|
|a 929 Stehlíková, Nikoleta
|2 UDC-MRF-SK2
|
| 100 |
1 |
|
|a Kocka, Andrej
|4 aut
|9 838751
|
| 245 |
1 |
0 |
|a Mám živé talizmany
|b Nikoleta Stehlíková ...
|c Andrej Kocka
|
| 300 |
|
|
|b Fotogr.
|
| 600 |
1 |
7 |
|a Stehlíková, Nikoleta,
|d 1971-
|2 snkbucl
|9 198829
|
| 655 |
|
7 |
|a články z novín a časopisov
|2 snkbucl
|9 267496
|
| 773 |
0 |
|
|x 0139-6323
|t Život
|g Roč. 53, č. 2 (2003), s. 22-23
|
| 850 |
|
|
|a Slovenská národná knižnica v Martine
|
| 852 |
|
|
|a SNK
|b KIS3GCP
|
| 958 |
|
|
|a BX
|
| 958 |
|
|
|a RBX
|
| 999 |
|
|
|c 1409235
|d 1411165
|